All Brooklyn Neighborhoods - Statistics

General Stats
  • This quiz has been taken 96 times
  • The average score is 27 of 88
Answer Stats
Answer % Correct
DUMBO
83%
Flatbush
80%
Canarsie
73%
Williamsburg
73%
Coney island
71%
Park slope
68%
Bensonhurst
66%
Brooklyn heights
66%
Brownsville
63%
Crown heights
63%
fort greene
63%
Sunset park
63%
Bay ridge
61%
Brighton beach
61%
Red hook
61%
Bed-stuy
59%
Bushwick
59%
Downtown brooklyn
59%
East new york
59%
prospect heights
56%
Borough park
54%
Cobble hill
54%
Dyker heights
54%
Flatlands
54%
Midwood
54%
Gravesend
51%
Manhattan beach
51%
Clinton hill
49%
East flatbush
49%
Fort hamillton
46%
Gowanus
46%
Greenpoint
46%
Kensington
46%
Marine park
46%
Bath beach
44%
Mill basin
41%
Prospect park
41%
Sea gate
41%
Cypress hills
39%
Boerum hill
37%
Prospect lefferts gardens
37%
Bedford
32%
East williamsburg
32%
Brooklyn navy yard
29%
Windsor terrace
27%
Caroll gardens
24%
Gerritsen beach
24%
Ditmas park
22%
Greenwood Heights
22%
New lots
22%
Ocean hill
22%
Columbia street
20%
Plumb beach
17%
Prospect park south
17%
Homecrest
15%
Mapleton
15%
Starrett city
12%
Wingate
12%
Farragut
10%
Fiske terrace
10%
Highland park
10%
Stuyvesant heights
10%
Weeksville
10%
Remsen village
7%
West brighton
7%
fulton ferry
5%
New utrecht
5%
Ocean parkway
5%
City line
2%
Sheepshead bay and madison
2%
south brooklyn
2%
South park slope
2%
Spring creek
2%
Admiral's row
0%
Barren island
0%
Beverly squares
0%
Cadman plaza
0%
Chinatown
0%
Little poland
0%
Little russia
0%
pacific park
0%
Park slope village
0%
Parkville
0%
Pigtown
0%
RAMBO
0%
vinger hill
0%
White sands
0%
Wyckoff heights
0%
No matching quizzes found
Score Distribution
Percent of People with Each Score
Percentile by Number Answered
Your Score History
You have not taken this quiz